| 000 | 00672nam a2200241 a 4500 | ||
|---|---|---|---|
| 001 | BRCA_5868 | ||
| 005 | 20190320205238.0 | ||
| 008 | 160311c1944----u--a######---#000-0#eng-# | ||
| 041 | _aeng | ||
| 044 | _au | ||
| 050 | 4 |
_aTS545 _b.K45 1944 |
|
| 100 | 1 |
_aKelly, Harold Caleb _914857 |
|
| 245 | 1 | 0 |
_aA practical course in horology _cby Harold C. Kelly. |
| 260 |
_aPeoria, Illinois _bThe Manual Arts _cc1944 |
||
| 300 |
_a192 p. _bil. _c20 cm. |
||
| 500 | _aIncluye índice alfabético y glosario | ||
| 500 | _aG52 | ||
| 504 | _aBibliografía: p. 182-184 | ||
| 650 | 1 | 4 |
_aHorología _914858 |
| 650 | 1 | 4 |
_aRelojes _xFrabricación _914859 |
| 902 | _aGFM | ||
| 942 |
_2lcc _cB |
||
| 999 |
_c5557 _d5557 |
||